<The> case for a new fiscal constitution.

Dve fiškálne pravidlá federálneho rozpočtu USA. Výdavky federálneho rozpočtu USA za posledných 60 rokov. Deficit federálneho rozpočtu. Erózia fiškálnych ustanovení. Nové fiškálne ustanovenia s cieľom obmedzenia federálnych pôžičiek a zníženia daní.

Guardado en:
Detalles Bibliográficos
Autor principal: Niskanen, W.A
Formato: Capítulo de libro
Lenguaje:inglés
Materias:
Etiquetas: Agregar Etiqueta
Sin Etiquetas, Sea el primero en etiquetar este registro!

MARC

LEADER 00000naa a2200000 4500
001 r008951
005 20220913122645.3
041 0 |a eng 
044 |a US 
245 1 0 |a <The> case for a new fiscal constitution.  |c W.A. Niskanen 
520 |a Dve fiškálne pravidlá federálneho rozpočtu USA. Výdavky federálneho rozpočtu USA za posledných 60 rokov. Deficit federálneho rozpočtu. Erózia fiškálnych ustanovení. Nové fiškálne ustanovenia s cieľom obmedzenia federálnych pôžičiek a zníženia daní. 
610 2 0 |a rozpočet štátny 
610 2 0 |a USA 
610 2 0 |a výdavky rozpočtu štátneho 
610 2 0 |a deficit 
610 2 0 |a pôžičky štátne 
610 2 0 |a dane 
610 2 0 |a politika fiškálna 
100 1 |a Niskanen, W.A.